02182nam a2200409Ia 4500001001200000003000800012006001900020007001500039008004100054010001700095020001500112020002800127040002100155035002000176050002400196082002200220100002800242245015500270260006100425300002400486504006600510505033700576533015200913650003201065650005501097650006701152650006401219650005701283650005501340650006701395650006401462650005701526655002901583710001701612856012601629999001701755ebr10021636CaPaEBRm u cr cn|||||||||000426s2001 mdua sb 001 0 eng d z 00009314  z0801876869 z0801865484 (alk. paper) aCaPaEBRcCaPaEBR a(OCoLC)7073185514aBX1723b.S38 2001eb04a272/.2/0945312211 aSchutte, Anne Jacobson.10aAspiring saintsh[electronic resource] :bpretense of holiness, Inquisition, and gender in the Republic of Venice, 1618-1750 /cAnne Jacobson Schutte. aBaltimore, Md. :bJohns Hopkins University Press,c2001. axvi, 337 p. :bill. aIncludes bibliographical references (p. [303]-326) and index.0 aPreface -- Twelve true stories? -- The Roman Inquisition in Venice -- "Little women" and discernment of spirits -- From study to courtroom -- Refashioning "true" holiness -- Sorceresses, witches, and inquisitors -- Healers of the soul -- Healers of the body -- Rings and other things -- Time and space -- Sex and gender -- Pretense? aElectronic reproduction.bPalo Alto, Calif. :cebrary,d2013.nAvailable via World Wide Web.nAccess may be limited to ebrary affiliated libraries. 0aInquisitionzItalyzVenice. 0aVisionarieszItalyzVenicexHistoryy17th century. 0aHolinessxCatholic ChurchxHistory of doctrinesy17th century. 0aDiscernment of spiritsxHistory of doctrinesy17th century. 0aWomen in the Catholic ChurchxHistoryy17th century. 0aVisionarieszItalyzVenicexHistoryy18th century. 0aHolinessxCatholic ChurchxHistory of doctrinesy18th century. 0aDiscernment of spiritsxHistory of doctrinesy18th century. 0aWomen in the Catholic ChurchxHistoryy18th century. 7aElectronic books.2local2 aebrary, Inc.40uhttp://site.ebrary.com/lib/rucke/Doc?id=10021636zAn electronic book accessible through the World Wide Web; click to view c10329d10329